000 00300nam a22001217a 4500
008 160613b xxu||||| |||| 00| 0 eng d
020 _a9780781760331
020 _a078176033
041 _aeng
080 _a618.2
245 _aPsychiatric mental health nursing:
_cSheila L. Videbeck;
942 _2udc
_cBK
999 _c2438
_d2438